000 00862nac a22002051u 4500
010 _a99461834
020 _a8120325125
082 0 0 _a660.2969
_bK993
090 _c1420
_d1420
100 _aKyle, B. G.
245 1 0 _aChemical and process thermodynamics /
_cB.G. Kyle.
250 _a3rd ed.
260 _aNew Delhi :
_bPrentice Hall of India,
_c2004.
300 _axxii, 760 p. :
_bill. ;
_c25 cm.
_e1 computer disk (5 1/4 in.).
500 _aSystem requirements for computer disk (programs by Y.L. Huang): IBM PC and compatibles; DOS; BASIC interpreter; floppy disk system; printer.
504 _aIncludes bibliographical references and index.
650 0 _aThermodynamics.
942 _cBB
_k660.2969K993
999 _c1420
_d1420